000 00640nam a2200217Ia 4500
008 160803s9999 xx 000 0 und d
020 _a0 439271495
100 _aCarle, Eric
245 _aDoes a kangaroo have a mother, too? /
245 _cby Eric Carle.
260 _aNew York :
260 _bScholastic Inc.
260 _c2000
300 _a1 volume (unpaged) :
300 _bcolor illustrations ;
300 _c23 x 28 cm
500 _a"This edition is only available for distribution through the school market"--Page 4 of cover.
650 _aAnimals -- Infancy --
650 _xJuvenile literature.
700 _aBR
999 _c299138
_d299138